LEADER 01152nam a2200265 i 4500 001 000000139005 003 CaOOAMICUS 005 20221005104816.0 008 050516s2004 it u000 u ita u 020 $a88-10-92813-X 040 $aSeMil$bita 100 1 $aCaffarra, Carlo,$c.$0(OLS)http://semarc/name/90006 245 12$aL'educazione: una sfida urgente /$cCarlo Caffarra. 264 1$aBologna :$bEDB,$c2004. 300 $a60 p. ;$c22 cm. 650 4$aAdolescenti - Educazione.$0(OLS)http://semarc/subject/6888 650 4$aCaffarra, Carlo - Interviste.$0(OLS)http://semarc/subject/27302 711 0 $aConvegno regionale Centro Sportivo Italiano .$0(OLS)http://semarc/name/116596 850 $aSeMil 852 $aSeMil$W1$xVenegono$y1$m2Q II 32$j92444$B92444$CSeMilBibl$Z2$F98305 $81 961 $aOmaggio per recensione: EDB 996 $6020$a88-10-92813-X$9(OLS)http://semarc/number/126976 996 $6245$aL'educazione: una sfida urgente$9(OLS)http://semarc/title/203148 996 $6264$aBologna :$bEDB$9(OLS)http://semarc/publisher/29669 LEADER 00894nam a2200205 4500 001 000000366250 003 CaOOAMICUS 005 20260203160207.0 008 260203s1944 it 000 u lat r 040 $aSeMil$bita 245 00$aDe Breviario Romano et Kalendario eiusdem Breviarii reformando. 264 1$aBologna :$bLa Grafica Emiliana,$c1944. 300 $a27 p. ;$c19 cm 650 4$aBreviario romano - Commenti e studi.$0(OLS)http://semarc/subject/59257 850 $aSeMil 852 $aSeMil$W1$xVenegono$y1$m5D V 2/8$j266940$B257016$CSeMilBibl$Z2$F257016 $8M 961 $aCon dedica autografa [dell?autore] al Card. Alfredo Ildefonso Schuster (5 maggio 1944) 996 $6245$aDe Breviario Romano et Kalendario eiusdem Breviarii reformando$9(OLS)http://semarc/title/457982 996 $6264$aBologna :$bLa Grafica Emiliana$9(OLS)http://semarc/publisher/35123